L'accordo della legge divina con la filosofia /

محفوظ في:

المؤلف الرئيسي: Averroës, 1126-1198 (مؤلف)

مؤلفون آخرون: Lucchetta, Francesca.

التنسيق: كتاب

اللغة: Italian
Arabic

منشور في: Genova : Marietti, 1994-

الطبعة: 1. ed. italiana.

الموضوعات:

الوسوم: إضافة وسم

لا توجد وسوم, كن أول من يضع وسما على هذه التسجيلة!

رقم الطلب: B749 .F32 I8 1994

LEADER 01298nam a2200361 a 4500
001 6942
003 OSt
005 20250914112945.0
008 130303m19949999it b 000 0 ita d
010 |a 96958304 
020 |a 8821178552 
035 |a ocm50234834 
040 |c ARCE Library 
041 1 |a ita  |a ara  |h ara 
050 4 |a B749 .F32 I8 1994 
100 0 |a Averroës,  |d 1126-1198,  |e author 
240 1 0 |a Faṣl al-maqāl fīmā bayna al-sharīʻah wa-al-ḥikmah min al-ittiṣāl.  |l Italian & Arabic 
245 1 2 |a L'accordo della legge divina con la filosofia /  |c Averroè ; traduzione, introduzione e note di Francesca Lucchetta. 
246 1 5 |a Majālis al-udabāʼ fī riyāḍ al-tarājimah 
246 1 5 |a Faṣl al-maqāl 
250 |a 1. ed. italiana. 
264 1 |a Genova :  |b Marietti,  |c 1994- 
300 |a v. <1> ;   |c 24 cm. 
500 |a Translation of : Faṣl al-maqāl fīmā bayna al-sharīʻah wa-al-ḥikmah min al-ittiṣāl. 
504 |a Includes bibliographical references. 
505 1 |a Volume 1. Corpus arabo islamico. 
546 |a In Italian with texts in Arabic. 
650 0 |a Law  |x Philosophy  |v Early works to 1800. 
650 0 |a Philosophy  |v Early works to 1800. 
700 1 |a Lucchetta, Francesca.  |9 34954 
901 |a reviewed 
942 |c BK  |2 lcc 
999 |c 4586  |d 4586